Οργάνωσις επιχειρήσεων = Organisation der unterneyhung

Αποθηκεύτηκε σε:
Λεπτομέρειες βιβλιογραφικής εγγραφής
Κύριος συγγραφέας: Kosiol, Erich
Μορφή: Βιβλίο
Γλώσσα:Greek
Δημοσίευση: Αθήνα : Παπαζήσης,
Θέματα:
Ετικέτες: Προσθήκη ετικέτας
Δεν υπάρχουν, Καταχωρήστε ετικέτα πρώτοι!

MARC

LEADER 00000nam a2200000 i 4500
001 1/44139
008 960313s1984 gre d
035 |l 10025912 
040 |a GR-MY-UA  |b gre  |e aacr 
041 0 |a gre 
082 0 |a 658 
100 1 |a Kosiol, Erich. 
245 1 0 |a Οργάνωσις επιχειρήσεων =  |b Organisation der unterneyhung /  |c Erich Kosiol 
260 |a Αθήνα :   |b Παπαζήσης,  
300 |a 293 σ. 
650 0 0 |a Management. 
650 0 0 |a Organization. 
650 0 0 |a Industrial organization. 
650 0 0 |a Industrial management. 
852 |a INST  |b CHIOS  |e 19960313  |h 658 KOS  |p 005200004687  |q 005200004687  |t BK  |y 0 
909 |a Χ  |b 003652